| 000 | 00645nam a2200205 i 4500 | ||
|---|---|---|---|
| 001 | 186785 | ||
| 003 | ES-MaACL | ||
| 005 | 20230906222738.0 | ||
| 008 | 170215s1910 sp |||| | spa d | ||
| 080 | _a821.134.2-32"19" | ||
| 100 | 1 |
_aCarrere, Emilio. _935691 |
|
| 245 | 1 | 0 |
_aMás que amor / _cnovela de Emilio Carrere ; ilustraciones de F. Mota. |
| 260 |
_aMadrid : _bLos Contemporáneos, _c1910. |
||
| 300 |
_a[20] p. : _bil. ; _c27 cm. |
||
| 490 | 1 |
_aLos contemporáneos ; _v88 |
|
| 700 | 1 |
_aMota, F. ( _dfl. 1901) _949947 |
|
| 830 | 0 |
_aLos contemporáneos ; _v88 _9185715 |
|
| 852 |
_aES-MaACL _jR-2599(10) |
||
| 999 |
_c186785 _d186785 |
||